LEADER 01224nam a2200253 u 4500 001 000000110213 003 CaOOAMICUS 005 20090325160023.0 008 080229s2008 it u000 u ita u 020 $z978-88-08-06495-0* 040 $aPUL$bita$dLDB 245 03$aLe nuove procedure concorsuali:$bdalla riforma "organica" al decreto "correttivo" /$ca cura di Stefano Ambrosini ; contributi di Stefano Ambrosini ... [et al.]. 260 $aBologna :$bZanichelli,$cc2008. 300 $axviii, 669 p. ;$c25 cm. 490 1 $aStrumenti del diritto ;$v08 650 4$aFallimento (diritto).$0(OLS)http://pul/subject/17091 700 1 $aAmbrosini, Stefano,$d1969-$0(OLS)http://pul/name/67522 830 0$aStrumenti del diritto ;$v08.$0(OLS)http://pul/title/136502 850 $aPUL 852 $aPUL$W1$xSL Diritto e Scienze Sociali 3$y79$m346. 45 AMBST 2$j126235$qDDC 21$B124961$CPULBib$Z2$F124961 $H106262 $82 941 1 $a9 996 $6020$z978-88-08-06495-0*$9(OLS)http://pul/number/137241 996 $6245$aLe nuove procedure concorsuali:$bdalla riforma "organica" al decreto "correttivo"$9(OLS)http://pul/title/138576 996 $6260$aBologna :$bZanichelli$9(OLS)http://pul/publisher/48255 LEADER 01231nam a2200301 a 4500 001 000000125593 003 CaOOAMICUS 005 20110608110311.0 008 110608s2011 it u000 u ita r 020 $a978-88-10-22153-2 040 $aPUL$bita 082 04$a226.2 100 1 $aGrilli, Massimo.$0(OLS)http://pul/name/79542 245 10$aScriba dell'Antico e del Nuovo :$bil Vangelo di Matteo /$cMassimo Grilli. 260 $aBologna :$bEDB,$c©2011. 300 $a128 p. ;$c21 cm 490 1 $aCollana Biblica 504 $aBibliografia p. [125]-126. 630 04$aBiblia.$pN.T.$pMatthaeus$xCritica e interpretazione.$0(OLS)http://pul/subject/37789 830 0$aCollana biblica (Edizioni Dehoniane).$0(OLS)http://pul/title/43126 850 $aPUL 852 $aPUL$W1$xSL Religione 3$y85$m226. 2 GRIMA 1$j144671$qDDC 21$B143688$CPULBib$Z2$F143688 $H117270 $82 941 1 $a9 996 $6020$a978-88-10-22153-2$9(OLS)http://pul/number/147405 996 $6082$a226.2$9(OLS)http://pul/classification/2035 996 $6245$aScriba dell'Antico e del Nuovo :$bil Vangelo di Matteo$9(OLS)http://pul/title/158375 996 $6260$aBologna :$bEDB$9(OLS)http://pul/publisher/56073 LEADER 01378naa a2200301 a 4500 001 000000124636 003 CaOOAMICUS 005 20220412180045.0 008 110310s2010 gw a u000 u ger r 020 $a978-3-451-30400-2 (v. 1-14) 032 $aLibriCat 040 $aPUL$bita 041 1 $ager$hfre 082 04$a270 130 0 $aHistoire du christianisme des origines à nos jours.$lTedesco.$0(OLS)http://pul/title/157109 245 14$aDer lateinische Westen und der byzantinische Osten (431-642) /$chrsg. von Luce Pietri ; Deutsche Ausgabe bearb. von: Guido Bee ... [et al.]. 250 $aSonderausgabe. 260 $aFreiburg im Breisgau :$bHerder & Co.,$c2010. 300 $aXXVI, 1334 p. :$bill. ;$c24 cm. 650 4$aChiesa$xStoria$xStudi.$0(OLS)http://pul/subject/28557 700 1 $aPietri, Luce.$0(OLS)http://pul/name/34392 700 1 $aBee, Guido.$0(OLS)http://pul/name/78714 774 0 $tGeschichte des Christentums.$bSonderausgabe.$dFreiburg im Breisgau : Herder & Co., 2010.$w()124629 996 $6020$a978-3-451-30400-2 (v. 1-14)$9(OLS)http://pul/number/146636 996 $6082$a270$9(OLS)http://pul/classification/472 996 $6245$aDer lateinische Westen und der byzantinische Osten (431-642)$9(OLS)http://pul/title/157111 996 $6260$aFreiburg im Breisgau :$bHerder & Co.$9(OLS)http://pul/publisher/51627